| 000 | 00870nam a2200241 4500 | ||
|---|---|---|---|
| 001 | 179216 | ||
| 003 | ES-MaACL | ||
| 005 | 20250607063031.0 | ||
| 008 | 111007s2010 sp af |||| |dspa d | ||
| 080 | _a82-91.09 | ||
| 080 | _a741.5(091) | ||
| 100 | 1 |
_aGubern, Román, _d1934- _960377 |
|
| 245 | 1 | 3 |
_aEl cómic de la innovación / _c[textos, Román Gubern y Luis Gasca ; diseño y cómic, Manuel Andreu]. |
| 246 | 3 | 6 | _aEl cómic y la innovación |
| 260 |
_aDonostia-San Sebastián : _bIbermática, Departamento de Comunicación, _c[2010] |
||
| 300 |
_a[35] p. : _bil. col. y n. ; _c28 x 28 cm. |
||
| 650 | 0 | 7 |
_aCómics- _xHistoria y crítica _2 _9148172 |
| 700 | 1 |
_aGasca, Luis. _955835 |
|
| 700 | 1 |
_aAndreu, Manel. _9148171 |
|
| 852 |
_aES-MaACL _jA-11608 _9186095 _bR.146064 _cDEPO1 _dOlim: N-4613 |
||
| 942 |
_2udc _cMONOGRAFIA |
||
| 999 |
_c179216 _d179216 |
||